<?xml version="1.0" encoding="UTF-8"?>
<record
    xmlns:xsi="http://www.w3.org/2001/XMLSchema-instance"
    xsi:schemaLocation="http://www.loc.gov/MARC21/slim http://www.loc.gov/standards/marcxml/schema/MARC21slim.xsd"
    xmlns="http://www.loc.gov/MARC21/slim">

  <leader>01146    a2200289   4500</leader>
  <controlfield tag="005">20250813111917.0</controlfield>
  <controlfield tag="008">250813b        |||||||| |||| 00| 0 eng d</controlfield>
  <datafield tag="022" ind1=" " ind2=" ">
    <subfield code="a">24571024</subfield>
  </datafield>
  <datafield tag="041" ind1=" " ind2=" ">
    <subfield code="a">Fr</subfield>
  </datafield>
  <datafield tag="044" ind1=" " ind2=" ">
    <subfield code="a">CIV</subfield>
  </datafield>
  <datafield tag="090" ind1=" " ind2=" ">
    <subfield code="b">DG/A/1645</subfield>
  </datafield>
  <datafield tag="100" ind1=" " ind2=" ">
    <subfield code="a">KONAN, Konan Jean Louis</subfield>
  </datafield>
  <datafield tag="100" ind1=" " ind2=" ">
    <subfield code="a"> TRA BI, Serge Doubi</subfield>
  </datafield>
  <datafield tag="100" ind1=" " ind2=" ">
    <subfield code="a"> KOUADIO, Konan Marcellin</subfield>
  </datafield>
  <datafield tag="110" ind1=" " ind2=" ">
    <subfield code="a">Centre National de Recherche Agronomique</subfield>
  </datafield>
  <datafield tag="110" ind1=" " ind2=" ">
    <subfield code="b">Cote d'Ivoire</subfield>
  </datafield>
  <datafield tag="242" ind1=" " ind2=" ">
    <subfield code="a">Effet des cultivars amelioers et du stade de maturite sur les parametres physiques, les indices chimiques et la composition en acides gras des huiles de coco issues du materiel genetique ivoirien</subfield>
  </datafield>
  <datafield tag="245" ind1=" " ind2=" ">
    <subfield code="a">Effect of improved cultivars and maturity stage on physical parameters chemical and fatty acid</subfield>
    <subfield code="b">composition of coconut oil from Ivorian germplam</subfield>
  </datafield>
  <datafield tag="260" ind1=" " ind2=" ">
    <subfield code="a">Current Journal of Applied Science and Technology</subfield>
    <subfield code="c">Janv 2025</subfield>
  </datafield>
  <datafield tag="302" ind1=" " ind2=" ">
    <subfield code="a"> p.12-30</subfield>
  </datafield>
  <datafield tag="388" ind1=" " ind2=" ">
    <subfield code="a">2025-08-13</subfield>
  </datafield>
  <datafield tag="650" ind1=" " ind2=" ">
    <subfield code="2">AGROVOC</subfield>
    <subfield code="g">Cote d'Ivoire.</subfield>
  </datafield>
  <datafield tag="650" ind1=" " ind2=" ">
    <subfield code="g">Cultivar ameliore</subfield>
  </datafield>
  <datafield tag="650" ind1=" " ind2=" ">
    <subfield code="g">Maturite</subfield>
  </datafield>
  <datafield tag="650" ind1=" " ind2=" ">
    <subfield code="g">huile de coco </subfield>
  </datafield>
  <datafield tag="856" ind1=" " ind2=" ">
    <subfield code="u">https://ftech.byethost7.com/wp-content/uploads/2025/08/DGA1645.pdf</subfield>
  </datafield>
  <datafield tag="999" ind1=" " ind2=" ">
    <subfield code="c">5962</subfield>
    <subfield code="d">5962</subfield>
  </datafield>
  <datafield tag="952" ind1=" " ind2=" ">
    <subfield code="0">0</subfield>
    <subfield code="1">0</subfield>
    <subfield code="2">udc</subfield>
    <subfield code="4">0</subfield>
    <subfield code="6">DGA1645</subfield>
    <subfield code="7">0</subfield>
    <subfield code="9">4548</subfield>
    <subfield code="a">CGC</subfield>
    <subfield code="b">CGC</subfield>
    <subfield code="d">2025-08-13</subfield>
    <subfield code="l">0</subfield>
    <subfield code="o">DG/A/1645</subfield>
    <subfield code="r">2025-08-13 11:19:00</subfield>
    <subfield code="u">https://ftech.byethost7.com/wp-content/uploads/2025/08/DGA1645.pdf</subfield>
    <subfield code="w">2025-08-13</subfield>
    <subfield code="y">BK</subfield>
  </datafield>
</record>
